True or False - Sports - Statistics

General Stats
  • This quiz has been taken 950 times
    947 since last reset
  • The average score is 6 of 15
Answer Stats
Question Answer % Correct
Tom Brady once threw 5 touchdowns in a single quarter. True
58%
Despite all the accolades, Zlatan Ibrahimovic has never won the Balloon d'Or True
56%
Jack Nicklaus not only won 18 golf majors, but also came in second a record 19 times. True
55%
Michael Jordan only wore the #23 jersey for the Chicago Bulls. False
52%
Tiger Woods, John Elway & John McEnroe all played their respective sports for Stanford. True
49%
Former Senator Bill Bradley (D-New Jersey) is a member of the basketball hall of fame. True
48%
Mexico has never medaled in the Winter Olympics True
47%
Alabama Football Coach Nick Saban has a winning record as an NFL Head Coach False
44%
Sadaharu Oh holds the world lifetime baseball home run record with over 850 home runs. True
42%
Bjorn Borg won 6 consecutive Wimbledon titles from 1975-1980 False
36%
In 1945, Byron Nelson won 11 straight PGA titles. True
35%
Pete Rose holds the record for playing in 22 All-Star Games False
30%
Sidney Crosby and Wayne Gretzky are the only teenagers with 100 point seasons in the NHL. False
26%
Richard Dean Anderson (MacGyver) played quarterback for UCLA in the 1970's False
21%
Dick and Pete Webber are the only father/son duo in the USBC Bowling Hall of Fame. False
19%
No matching quizzes found
Score Distribution
Percent of People with Each Score
Percentile by Number Answered
Your Score History
You have not taken this quiz since the last reset